000 002100000a22000970004500
100 1 _aHarbison, Joe
245 1 0 _aPersonas con sida
300 _aNúm 6 (1990), Páginas 10
773 0 _tPaso a paso
942 _cANA
999 _c52072
_d52072